Najlepsi strzelcy FC Barcelony w historii - Statystyki

Ogólne statystyki
  • Ten quiz został rozwiązany 512 razy
  • Średni wynik to 3 z 12
Statystyki odpowiedzi
Miejsce Liczba Goli Piłkarz % Poprawnych
1. 672 Lionel Messi
98%
3. 195 Luis Suarez
83%
5. 130 Samuel Eto
44%
5. 130 Rivaldo
28%
7. 122 Patrick Kluivert
10%
9. 117 Hristo Stoichkov
6%
4. 193 Laszlo Kubala
5%
2. 226 Cesar Rodriguez
4%
7. 122 Carles Rexach
2%
8. 120 Josep Escola
2%
6. 129 Mariano Martin
2%
10. 110 Estanislao Basora
1%
Nie znaleziono quizów pasujących do podanych kryteriów
Rozkład punktacji
Procent ludzi z każdym wynikiem
Percentyl według liczby udzielonych odpowiedzi
Twoja historia wyników
Nie rozwiązałeś tego quizu